000 00614nas a2200229 4500
001 BR9203364
003 BR-BrBNA
005 20231205092632.0
007 ta
008 230509b bl.|||p| |||| 00| 00por d
040 _aBR-BrBNA
_bpor
_cBiblioteca Nacional de Agricultura
041 _a(Pt)
072 _aH10
100 1 _aMesquita, A.L.M.
245 1 _aBanana. Iscas controlam o moleque
650 _aBANANA
650 _aISCA
650 _aMOLEQUE
773 0 _tLavoura (Brazil)
_xISSN 0023-9135
_g(May-Jun 1991), p. 26-27
_wBR9203364
909 _a202311
_bLúcia
_c55
_dLúcia Elande
942 _2AGRIS
_n0
_cANA
999 _c133044
_d133044